El desafío agroalimentario de China hacia el 2030 (Registro nro. 28175)

Detalles MARC
000 -LEADER
fixed length control field 00353 a2200121 4500
001 - CONTROL NUMBER
control field ART_33040
005 - DATE AND TIME OF LATEST TRANSACTION
control field 20260410161926.0
008 - FIXED-LENGTH DATA ELEMENTS--GENERAL INFORMATION
fixed length control field 260409a
100 1# - MAIN ENTRY--PERSONAL NAME
Personal name Thailinger, Agustina
245 10 - TITLE STATEMENT
Title El desafío agroalimentario de China hacia el 2030
700 1# - ADDED ENTRY--PERSONAL NAME
Personal name Rossi, Guillermo
773 0# - HOST ITEM ENTRY
Title Lecturas
Related parts - Nº 18 (ene. 2015)
Record control number REV19328

No hay ítems disponibles.